Estados unidos en el siglo xx : el sistema socioeconómico /
Guardado en:
| Autor Principal: | |
|---|---|
| Otros Autores: | |
| Formato: | Libro |
| Publicado: |
Buenos Aires :
Paidós,
1968.
|
| Materias: | |
| Etiquetas: |
Agregar Etiqueta
Sin Etiquetas, Sea el primero en etiquetar este registro!
|
| LEADER | 00622nam a22001935a 4500 | ||
|---|---|---|---|
| 001 | EHU.bham013321 | ||
| 003 | AR-BHAM | ||
| 005 | 20170911153822.0 | ||
| 008 | 130507s1968##################000#0#####d | ||
| 082 | 9 | 7 | |a 973.9 |
| 100 | 1 | |a Cochran, Thomas C. | |
| 245 | 1 | 0 | |a Estados unidos en el siglo xx : |b el sistema socioeconómico / |c Thomas C. Cochran : |
| 260 | |a Buenos Aires : |b Paidós, |c 1968. | ||
| 300 | |a 283 p. | ||
| 653 | |a Estados unidos-historia de | ||
| 653 | |a Estados unidos-siglo xx | ||
| 653 | |a Colección villar | ||
| 700 | 1 | |a Cochran, Thomas C., trad. | |
| 859 | |a AR-BHAM |b BIB. HUMANIDADES - General |h 973.9 |i C643 |p 7.87 |t Ej.1 | ||
